Emoirical approaches to sociology: (Record no. 53662)

000 -LEADER
fixed length control field 00441nam a22001577a 4500
020 ## - INTERNATIONAL STANDARD BOOK NUMBER
ISBN 978-0-205-62809-4
082 ## - DEWEY DECIMAL CLASSIFICATION NUMBER
Classification number 301
Item number GRE/E
100 ## - MAIN ENTRY--AUTHOR NAME
Personal name Gregg Lee Carter
245 ## - TITLE STATEMENT
Title Emoirical approaches to sociology:
Sub Title a collection of classic and contemporary readings/
Statement of responsibility, etc by Gregg Lee Carter
250 ## - EDITION STATEMENT
Edition statement 5th
260 ## - PUBLICATION, DISTRIBUTION, ETC. (IMPRINT)
Place of publication Boston:
Name of publisher Allyn and Bacon,
Year of publication 2010.
300 ## - PHYSICAL DESCRIPTION
Number of Pages 592p.
650 ## - SUBJECT ADDED ENTRY--TOPICAL TERM
Topical Term Sociology
650 ## - SUBJECT ADDED ENTRY--TOPICAL TERM
Topical Term Social sciences
942 ## - ADDED ENTRY ELEMENTS (KOHA)
Koha item type Book
Holdings
Withdrawn status Lost status Damaged status Not for loan Permanent Location Current Location Shelving location Date acquired Cost, normal purchase price Full call number Accession Number Price effective from Koha item type
        Sree Sankaracharya University of Sanskrit Sree Sankaracharya University of Sanskrit Stacks 03.06.2015 8487.60 301 GRE/E 076234 03.06.2015 Book